[Event "ONJK 2018 C"]
[Site "Borne, Netherlands"]
[Date "2018.08.11"]
[Round "9.14"]
[White "Den Heijer, Rolinde"]
[Black "Smeets, Kobe"]
[Result "1/2-1/2"]
[WhiteElo "1391"]
[BlackElo "1437"]
[PlyCount "127"]
[EventDate "2018.??.??"]

1. e4 c5 2. Nf3 d6 3. Bb5+ Bd7 4. Bxd7+ Nxd7 5. d3 Ngf6 6. Bg5 e6 7. O-O Be7 8.
Nbd2 O-O 9. Qe2 Qc7 10. Rfe1 a6 11. c3 b5 12. Rac1 Rac8 13. d4 cxd4 14. Nxd4
Nc5 15. f3 Na4 16. N2b3 Nb6 17. Na5 Nc4 18. Nac6 Rfe8 19. Nxe7+ Qxe7 20. b3 Na5
21. e5 dxe5 22. Qxe5 Nc6 23. Nxc6 Rxc6 24. Bxf6 Qxf6 25. Qxf6 gxf6 26. Re2 Rec8
27. Rec2 Kf8 28. Kf2 Ke7 29. Ke3 f5 30. Kf4 Kf6 31. Kg3 e5 32. h3 f4+ 33. Kf2
Kg5 34. c4 f6 35. c5 b4 36. Rc4 a5 37. R4c2 Kf5 38. Rc4 Rd8 39. Ke2 Rd5 40.
R1c2 Ke6 41. Kf2 h5 42. g3 Rd4 43. Rxd4 exd4 44. gxf4 Kd5 45. Ke2 Rxc5 46. Rd2
Rc3 47. Kf2 Rc1 48. Kg3 Re1 49. Kf2 Re6 50. Rd3 Ra6 51. Rd2 a4 52. Ke2 axb3 53.
axb3 Ra3 54. Rb2 Ra6 55. Rd2 Rc6 56. Rb2 Rc3 57. Kf2 h4 58. Ke2 Ke6 59. Rd2 Kd5
60. Rb2 Rc7 61. Ra2 Kd6 62. Rd2 Kc5 63. Rc2+ Kb6 64. Rd2 1/2-1/2

[Event "ONJK 2018 C"]
[Site "Borne, Netherlands"]
[Date "2018.08.11"]
[Round "9.15"]
[White "Klein, Lucas"]
[Black "Decruyenaere, Laura"]
[Result "1/2-1/2"]
[WhiteElo "1515"]
[BlackElo "1293"]
[PlyCount "78"]
[EventDate "2018.??.??"]

1. d4 d5 2. c4 e6 3. Nf3 Nf6 4. Nc3 Nbd7 5. Bg5 h6 6. Bh4 Be7 7. e3 c6 8. Bg3
Bb4 9. Bd3 dxc4 10. Bxc4 b5 11. Bb3 Nd5 12. Bxd5 exd5 13. Qb3 Qe7 14. a3 Bd6
15. O-O O-O 16. Ne2 Nf6 17. Rfc1 Bd7 18. Ne5 Bxe5 19. Bxe5 Ne4 20. Rc2 Rfc8 21.
h3 Qg5 22. Bg3 Bf5 23. Rcc1 h5 24. h4 Qg6 25. Nf4 Qh6 26. Bh2 Nd2 27. Qc3 Nc4
28. b3 Nb6 29. Qc5 Qf6 30. Bg3 g6 31. Rc3 Nd7 32. Qb4 a5 33. Nxd5 cxd5 34.
Rxc8+ Rxc8 35. Qxb5 Qb6 36. Qxd5 Be6 37. Qg5 Kg7 38. Bf4 Rh8 39. Qe7 Qxb3
1/2-1/2

[Event "ONJK 2018 C"]
[Site "Borne, Netherlands"]
[Date "2018.08.11"]
[Round "9.16"]
[White "Borgelioen, Elise"]
[Black "Nielsen, Philip"]
[Result "1-0"]
[WhiteElo "1308"]
[BlackElo "1432"]
[PlyCount "67"]
[EventDate "2018.??.??"]

1. e4 c5 2. Nf3 d6 3. Nc3 Nc6 4. Bb5 Bd7 5. Bxc6 Bxc6 6. d3 e5 7. O-O Nf6 8.
Bg5 Be7 9. Bxf6 Bxf6 10. Nd5 O-O 11. Re1 b5 12. c4 Rb8 13. b3 bxc4 14. dxc4
Bxd5 15. Qxd5 Kh8 16. Red1 Be7 17. Ne1 f5 18. exf5 Rxf5 19. Nd3 Qf8 20. Qe4 Qf6
21. f3 Rf8 22. Re1 Qh4 23. Qe2 R5f7 24. Rad1 Qh6 25. Ra1 Bf6 26. Rab1 a5 27.
Nf2 Ra7 28. Ng4 Qg6 29. Qf2 e4 30. Nxf6 Rxf6 31. b4 Rxf3 32. Qh4 h6 33. bxa5
Rxa5 34. Qd8+ 1-0

[Event "ONJK 2018 C"]
[Site "Borne, Netherlands"]
[Date "2018.08.11"]
[Round "9.17"]
[White "Weidemann, Jakob"]
[Black "Maes, Zayd"]
[Result "1-0"]
[WhiteElo "1212"]
[BlackElo "1379"]
[PlyCount "85"]
[EventDate "2018.??.??"]

1. e4 c6 2. d4 d5 3. exd5 cxd5 4. Nc3 Bf5 5. Nf3 Nc6 6. Bb5 Nf6 7. Ne5 Qc7 8.
Nxc6 bxc6 9. Ba4 e6 10. O-O Bd6 11. g3 O-O 12. Ne2 c5 13. c3 cxd4 14. cxd4 Bb4
15. a3 Ba5 16. Bf4 Qe7 17. Bd2 Bxd2 18. Qxd2 Nh5 19. f3 Bg6 20. g4 Nf6 21. Nf4
e5 22. Nxg6 fxg6 23. Rfe1 e4 24. fxe4 Nxe4 25. Bc6 Nxd2 26. Rxe7 Rad8 27. Rxa7
Rf4 28. Ra4 Rxg4+ 29. Kf2 Ne4+ 30. Kf3 Rg5 31. Bxd5+ Rgxd5 32. Kxe4 Rh5 33. Rh1
Rh4+ 34. Ke5 Rh5+ 35. Ke6 Rh4 36. Ke7 Rhxd4 37. Rxd4 Rxd4 38. b4 Rd3 39. a4 Rb3
40. b5 Ra3 41. Rd1 Re3+ 42. Kd6 Ra3 43. Rd4 1-0

[Event "ONJK 2018 C"]
[Site "Borne, Netherlands"]
[Date "2018.08.11"]
[Round "9.19"]
[White "Decruyenaere, Victor"]
[Black "Sannen, Stijn"]
[Result "1-0"]
[WhiteElo "1356"]
[BlackElo "1211"]
[PlyCount "43"]
[EventDate "2018.??.??"]

1. d4 d5 2. c4 c6 3. Nc3 Nf6 4. Nf3 e6 5. Bg5 Be7 6. e3 O-O 7. Bd3 Re8 8. O-O
h6 9. Bf4 c5 10. Nb5 Na6 11. Rc1 Bd7 12. Nd6 Bxd6 13. Bxd6 cxd4 14. Nxd4 e5 15.
Nb3 Bg4 16. f3 Bd7 17. Ba3 dxc4 18. Bxc4 b5 19. Be2 b4 20. Bxa6 bxa3 21. bxa3
Qa5 22. Nxa5 1-0

[Event "ONJK 2018 C"]
[Site "Borne, Netherlands"]
[Date "2018.08.11"]
[Round "9.20"]
[White "Krohmer, Eric"]
[Black "Kretschmer, Sven"]
[Result "0-1"]
[WhiteElo "1210"]
[BlackElo "1340"]
[PlyCount "64"]
[EventDate "2018.??.??"]

1. e4 e5 2. f4 exf4 3. Nf3 Nc6 4. Bc4 Bd6 5. O-O Nge7 6. d4 O-O 7. Nc3 Ng6 8.
a3 b6 9. Bd3 Bb7 10. e5 Be7 11. Bxg6 fxg6 12. d5 Na5 13. d6 cxd6 14. exd6 Bg5
15. Nd5 Rf5 16. Nc3 Nc4 17. Qd3 Ne3 18. Bxe3 fxe3 19. Ne2 Qf6 20. Rab1 Bxf3 21.
Rxf3 Rxf3 22. Qd5+ Qe6 23. Qxa8+ Rf8 24. Qxa7 Qxd6 25. Qa6 Qd2 26. Qc4+ d5 27.
Qd3 Qxd3 28. cxd3 Rf2 29. Nd4 Bf6 30. Nf3 Rxb2 31. Re1 d4 32. Ra1 Rb3 0-1